Responses for Show #4794 - Thursday, June 9, 2005

Contestants

[<< previous game]

Corinth Matéra, a high school English teacher from Minneapolis, Minnesota

Doug Meyer, an editor originally from Cambridge, Massachusetts

Daniel Granof, an associate producer originally from Bethesda, Maryland (whose 1-day cash winnings total $9,300)

[next game >>]

Jeopardy! Round responses

PUBLISHERS WEEKLY FICTION BESTSELLERS
NASCAR GEOGRAPHY
(Alex: You have to name the state that's home to each racetrack.)
OH, WITTY WOMAN
COFFEE TALK
C'MON, YOU HAD TO EXPECT NEBRASKA
"DEAD" RECKONING
    $200 23
Stephen King

Daniel
    $200 14
Florida

Doug
    $200 16
your age

Daniel
    $200 11
Java

Daniel
    $200 6
Lincoln

Daniel
    $200 1
the dead man's hand

Doug
    $400 24
Anonymous

Daniel
    $400 15
California

Daniel
    $400 17
(Doug: What is sweep?)

Vacuum

DanielDoug
    $400 12
caffeine

Doug
    $400 7
Malcolm X

Daniel
    $400 2
a deadbeat dad

Doug
    $600 25
Salman Rushdie

Daniel
    $600 28
Pennsylvania

Daniel
    $600 18
Dolly Parton

Corinth
    $600 13
the coffee cherry (or berry)

Triple Stumper
    $600 8
the Cornhusker State

Daniel
    $600 3
the Dead Sea Scrolls

Doug
    $800 26
Danielle Steel

Daniel
    $800 29
(Doug: What is Florida?)

Alabama

DougCorinth
    $800 19
the Joneses

Daniel
    $800 21
Juan Valdez

Daniel
    $800 9
unicameral

Corinth
    $800 4
a dead heat

Doug
    $1000 27
Erich Segal

Daniel
    $1000 30
New York

Doug
    $1,100 20
(Alex: And she was indeed a very witty woman.)

Dorothy Parker

Daniel
    $1000 22
(Daniel: What is okra?)

chicory

Daniel
Triple Stumper
    $1000 10
William Jennings Bryan

Daniel
    $1000 5
a deadeye

Triple Stumper

Scores at the first commercial break (after clue 16):

Daniel Doug Corinth
$3,000 $2,600 $800

Scores at the end of the Jeopardy! Round:

Daniel Doug Corinth
$8,700 $2,400 $2,200

Double Jeopardy! Round responses

SPACE TECHNOLOGY
AT THE MOVIES
ARTISTS
MUSIC ODDS & ENDS
"N" THE KNOW
DEAD RECKONING
    $400 19
the moon

Daniel
    $400 9
Rocky

Doug
    $400 1
Gauguin

Daniel
    $400 2
(Corinth: Who is Mario Lanza?)
...
(Alex: Mario Lanza came much later.)

Enrico Caruso

Corinth
Triple Stumper
    $400 14
nosh

Daniel
    $400 26
Richard III

Doug
    $800 20
a space suit

Triple Stumper
    $800 10
The Grudge

Daniel
    $800 5
(Daniel: Who is van der Meer?)

Rubens

DanielCorinth
    $800 3
(Daniel: What are tubas?)

trombones

Daniel
Triple Stumper
    $800 15
the Northwest Passage

Daniel
    $800 27
Thomas Paine

Doug
    $1200 21
the Space Shuttle

Corinth
    $1200 11
40 Days and 40 Nights

Daniel
    $1200 6
(Corinth: Who is Warhol?)

(Roy) Lichtenstein

DougCorinth
    $1200 4
(Daniel: Who is Handel?)
(Corinth: Who is Mozard?)

Haydn

DanielDougCorinth
    $1200 16
nuance

Corinth
    $1200 28
[The end-of-round signal sounds.]

de Gaulle

Daniel
    $1600 24
docking

Daniel
    $1,700 12
(Daniel: What is Gangs of New York?)

Mean Streets

Daniel
    $1600 7
Goya

Doug
    $1600 22
Paganini

Daniel
    $1600 17
a nebula

Daniel
    $2000 25
mast

Triple Stumper
    $2000 13
(Alex: That film's a long time ago.)

Robert Walker

Triple Stumper
    $1,000 8
(Henri) Matisse

Doug
    $2000 23
(Daniel: Who is Hoffman?)
(Alex: No. Hoffman did the story, [*] did the music.)

Offenbach

Daniel
Triple Stumper
    $2000 18
Newspeak

Daniel

Scores at the end of the Double Jeopardy! Round:

Daniel Doug Corinth
$14,200 $9,000 $2,600

[wagering suggestions for these scores]

Final Jeopardy! Round responses

AMERICAN LICENSE PLATES
(Alex: Got a bunch of them in your garage, I bet. Go check 'em out.)
(Alex: Yes, they have no official representation in Congress.)
CorinthWhat is Puerto Rico?
$2,600
DougWhat is Washington D.C.?
$5,000
DanielWhat is Washington D.C.?
$3,900
Washington, D.C.

Final scores:

Daniel Doug Corinth
$18,100 $14,000 $0
2-day champion: $27,400 2nd place: $2,000 3rd place: $1,000

Game dynamics:

Coryat scores:

Daniel Doug Corinth
$15,800 $10,000 $2,600
28 R
(including 1 DD),
6 W
(including 1 DD)
14 R
(including 1 DD),
2 W
6 R,
3 W

Combined Coryat: $28,400

[game clues] [game scores] [suggest correction]

Game tape date: 2004-11-30
The J! Archive is created by fans, for fans. Scraping, republication, monetization, and malicious use prohibited; this site may use cookies and collect identifying information. See terms. The Jeopardy! game show and all elements thereof, including but not limited to copyright and trademark thereto, are the property of Jeopardy Productions, Inc. and are protected under law. This website is not affiliated with, sponsored by, or operated by Jeopardy Productions, Inc. Join the discussion at JBoard.tv.